UM Logo

Plane trigonometry/ (Record no. 5578)

MARC details
000 -LEADER
fixed length control field 00718nam a22002177a 4500
008 - FIXED-LENGTH DATA ELEMENTS--GENERAL INFORMATION
fixed length control field 161112b xxu||||| |||| 00| 0 eng d
020 ## - INTERNATIONAL STANDARD BOOK NUMBER
International Standard Book Number 978-971-0161-88-1
082 ## - DEWEY DECIMAL CLASSIFICATION NUMBER
Edition number 2014
Classification number DFil 516.24
Item number Ib1p
100 ## - MAIN ENTRY--PERSONAL NAME
9 (RLIN) 17177
Personal name Ibañez, Edwin D.
245 ## - TITLE STATEMENT
Title Plane trigonometry/
Statement of responsibility, etc. Edwin D. Ibañez...[and five others]
260 ## - PUBLICATION, DISTRIBUTION, ETC. (IMPRINT)
Place of publication, distribution, etc. Malabon City:
Name of publisher, distributor, etc. Jimczyville Publications,
Date of publication, distribution, etc. c2014.
300 ## - PHYSICAL DESCRIPTION
Extent iv, 202 pages:
Other physical details illustrations;
Dimensions 25 cm.
650 #0 - SUBJECT ADDED ENTRY--TOPICAL TERM
9 (RLIN) 17178
Topical term or geographic name as entry element Trigonometry
700 ## - ADDED ENTRY--PERSONAL NAME
9 (RLIN) 17179
Personal name Paguio, Darwin P/
700 ## - ADDED ENTRY--PERSONAL NAME
9 (RLIN) 17180
Personal name Gadia, Ediric D.
700 ## - ADDED ENTRY--PERSONAL NAME
9 (RLIN) 17181
Personal name Soriano, Dynah D.
700 ## - ADDED ENTRY--PERSONAL NAME
9 (RLIN) 17182
Personal name Fabay, Geraldine B.
700 ## - ADDED ENTRY--PERSONAL NAME
9 (RLIN) 17183
Personal name Baquiran, Mark Denice Y.
365 ## - TRADE PRICE
Price amount 586.00
Currency code Php
942 ## - ADDED ENTRY ELEMENTS (KOHA)
Source of classification or shelving scheme Dewey Decimal Classification
Koha item type Filipiniana
Holdings
Withdrawn status Lost status Source of classification or shelving scheme Damaged status Not for loan Collection code Home library Current library Shelving location Date acquired Source of acquisition Total Checkouts Full call number Barcode Date last seen Date last checked out Copy number Cost, replacement price Price effective from Koha item type
    Dewey Decimal Classification     Filipiniana UM Digos College - LIC UM Digos College - LIC Book Cart 10/27/2016 Purchased 9 DFil 516.24 Ib1p 2014 24506 05/15/2025 01/24/2025 1 586.00 11/12/2016 Filipiniana